Životní hodnoty vyplývající z díla Komenského a jejich biblické paralely : bakalářská práce / Monika Černá ; vedoucí práce Zuzana Svobodová ; oponent práce Ladislav Heryán
Record details
- Physical Description: 51, 15 s. : příl. ; 31 cm
- Publisher: Praha : Univerzita Karlova v Praze, 2011
Content descriptions
| General Note: | Datum obhajoby: 14-09-2011 |
| Dissertation Note: | Bakalářská práce (Bc.)--Univerzita Karlova. Evangelická teologická fakulta, 2011 |
| Study Program Information Note: | Pastorační a sociální práce Sociální práce |
| Awards Note: | Výsledné hodnocení: Výborně |
Search for related items by subject
| Subject: | Komenský, Jan Amos, 1592-1670 hodnoty hodnotová orientace |
| Genre: | bakalářské práce |
Available copies
- 1 of 1 copy available at Common Catalog SPOK.
Holds
- 0 current holds with 1 total copy.
Show All Copies
| Location | Call Number / Copy Notes | Barcode | Shelving Location | Status | Due Date |
|---|---|---|---|---|---|
| Jabok Library | ABP-1778 | 424480026227 | Absolventské práce | Reference | - |
Electronic resources
Version of Resource: Zobrazení plného textu (Digitální archiv UK)
| LDR | 01626ntm a22003617a 4500 | ||
|---|---|---|---|
| 001 | 16291 | ||
| 003 | CZ-PrJAB | ||
| 005 | 20201008092318.0 | ||
| 008 | 111128s2011 xr |||||r|||||||||||cze|d | ||
| 035 | . | ‡a(CONS)16291 | |
| 035 | . | ‡a(CZ PrCU)001399008 | |
| 040 | . | ‡aABD162 ‡bcze ‡dABG312 | |
| 072 | 7. | ‡a17 ‡xEtika. Morální filozofie ‡2Konspekt ‡95 | |
| 100 | 1 | . | ‡aČerná, Monika ‡4dis |
| 245 | 1 | 0. | ‡aŽivotní hodnoty vyplývající z díla Komenského a jejich biblické paralely : ‡bbakalářská práce / ‡cMonika Černá ; vedoucí práce Zuzana Svobodová ; oponent práce Ladislav Heryán |
| 246 | 3 | 3. | ‡aLife Values Implicit in Comenius Works and their Biblical Parallels |
| 260 | . | ‡aPraha : ‡bUniverzita Karlova v Praze, ‡c2011 | |
| 300 | . | ‡a51, 15 s. : ‡bpříl. ; ‡c31 cm | |
| 500 | . | ‡aDatum obhajoby: 14-09-2011 | |
| 502 | . | ‡aBakalářská práce (Bc.)--Univerzita Karlova. Evangelická teologická fakulta, 2011 | |
| 526 | 8 | . | ‡aPastorační a sociální práce |
| 526 | 8 | 1. | ‡aSociální práce |
| 586 | . | ‡aVýsledné hodnocení: Výborně | |
| 600 | 1 | 7. | ‡aKomenský, Jan Amos, ‡d1592-1670 ‡7jk01061444 ‡2czenas |
| 653 | 0 | . | ‡aživotní hodnoty ‡abiblické paralely |
| 650 | 0 | 7. | ‡ahodnoty ‡7ph120778 ‡2czenas |
| 650 | 0 | 7. | ‡ahodnotová orientace ‡7ph117202 ‡2czenas |
| 655 | 7. | ‡abakalářské práce ‡7fd132403 ‡2czenas | |
| 700 | 1 | . | ‡aSvobodová, Zuzana, ‡d1973- ‡7xx0038691 ‡4ths |
| 700 | 1 | . | ‡aHeryán, Ladislav, ‡d1960- ‡7jx20041203008 ‡4opn |
| 710 | 2 | . | ‡aUniverzita Karlova. ‡bEvangelická teologická fakulta ‡7kn20010710335 |
| 710 | 2 | . | ‡aJabok - Vyšší odborná škola sociálně pedagogická a teologická ‡7kn20020502016 |
| 850 | . | ‡aETF | |
| 856 | 4 | 1. | ‡uhttps://is.cuni.cz/webapps/zzp/detail/108763/ ‡yZobrazení plného textu (Digitální archiv UK) |
| 910 | . | ‡aABG312 | |
| 901 | . | ‡a16291 ‡bCZ-PrJAB ‡c16291 ‡tbiblio | |